Statistiques concernant État Bourguignon aujourd'hui

Cliquez ici pour prendre le quiz!

Statistiques générales

  • Ce quiz a été pris 13 fois
  • Le résultat moyen est 16 sur 85

Statistiques - réponses

VillesPopulation actuelle% Correct
Dijon159 346
92%
Amsterdam921 468
67%
Bruges118 241
67%
Bruxelles179 277
67%
Rotterdam644 618
67%
Amiens133 625
58%
Anvers530 630
58%
Dunkerque86 788
58%
La Haye553 306
58%
Lille236 710
58%
Luxembourg132 780
58%
Nancy104 260
58%
Charleroi202 421
50%
Gand265 086
50%
Malines86 996
50%
Roubaix98 892
50%
Chalon-sur-Saône45 031
42%
Maastricht121 565
42%
Mons96 545
42%
Tourcoing99 011
42%
Bréda183 873
33%
Charleville-Mézières46 398
33%
Courtrai77 741
33%
Eindhoven238 478
33%
La Louvière80 992
33%
Louvain102 236
33%
Ostende71 557
33%
Alkmaar109 986
25%
Alost88 854
25%
Saint-Nicolas80 167
25%
Saint-Quentin52 958
25%
Villeneuve d'Asq62 067
25%
Nimègue177 359
17%
Tilbourg227 794
17%
Arnhem159 265
8%
Bois-le-Duc154 205
8%
Gouda71 184
8%
Haarlem161 265
8%
Leyde125 167
8%
Mouscron59 179
8%
Termonde46 325
8%
Turnhout46 372
8%
Venlo103 312
8%
Alphen-sur-le-Rhin110 986
0%
Altena55 386
0%
Amstelveen94 435
0%
Apeldoorn164 781
0%
Barneveld55 437
0%
Berg-op-Zoom66 206
0%
Capelle aan den Ijssel66 515
0%
Delft103 601
0%
Doetinchem56 832
0%
Dordrecht118 654
0%
Ede118 530
0%
Flardingue71 888
0%
Gooise Meren58 885
0%
Haarlemmermeer157 778
0%
Heerhugowaard58 387
0%
Heerlen90 782
0%
Helmond93 525
0%
Hoeksche Waard86 732
0%
Hoorn73 004
0%
Katwijk64 717
0%
Krimpenerwaard56 048
0%
Lansingerland64 129
0%
Le Helder56 305
0%
Leidschendam-Voorburg76 642
0%
Meierijstad82 672
0%
Nissewaard84 797
0%
Oosterhout54 012
0%
Oss94 457
0%
Pijnacker-Nootdorp57 688
0%
Purmerend79 936
0%
Rosendael76 698
0%
Roulers64 495
0%
Ruremonde57 085
0%
Ryswick58 050
0%
Schiedam80 723
0%
Terneuzen54 658
0%
Velsen68 507
0%
Vilvorde46 354
0%
West Betuwe52 742
0%
Westland114 915
0%
Zaanstad155 885
0%
Zoetermeer127 047
0%

Distribution des résultats

Percentile par nombre de réponses

% des personnes avec chaque résultat

Votre développement - résultats

Vous n’avez pas pris ce quiz